000 00772nam a2200253 a 4500
001 000044250
003 DO-SdBNP
005 20240208104937.0
007 000044250
008 140611s2015 dr ac 000 0 spa d
020 _a9789945497281
040 _aBPMSU
_bspa
_cBPMSU
082 4 _aRD863.44
_bF866L 2015
_222
100 1 _aFreixas, Verouschka
245 1 0 _aLucas, tienes mucha pero mucha suerte /
_cVerouschka Freixas.
260 _aSanto Domingo :
_bAfaguara Infantil,
_c2015
300 _a117 p. :
_bil., retrs. ;
_c20 cm.
490 0 _aAlfaguara infantil
590 _aInventariado, 2024/VM
650 4 _aCuentos infantiles dominicanos
_2
650 4 _aLliteratura infantil dominicana
_2
910 _aVMateo V. Control de calidad. BPMSU
942 _2ddc
_cBK
999 _c14561
_d14561